00649nam a22001097a 4500040000800000082002800008100003900036245032600075260002600401300002500427856008700452 cRUA aAGR MON 2024 B1-406 Or. aMON TOLA,ម៉ុន តុលា aCOMOARISON IN MORPHO-AGRONOMIC TRAITS AND STORANGE ROOT YIELD OF SOME SWEET POTATOES(Ipomoea batatas L.).ការប្រៀបធៀបនៃលក្ខណៈក្សេត្រសាស្រ្ត និងទិន្នផលមើមរបស់ស្រឡាយដំឡូងជ្វា(Ipomoea batatas L.) aphnom penhbruac2024 aix.31p.bill.c29cm. uhttps://drive.google.com/file/d/1wQXKvuCCV_pw-hxe0mV5_z_MGm4bgiU0/view?usp=sharing